000 01104nam a2200301 i 4500
003 EG-GICUC
005 20260221110226.0
008 260116s2011 ua j|||fr|||| 00| 0 ara d
040 _a EG-GICUC
_bara
_c EG-GICUC
_d EG-GICUC
_erda
041 0 _aAra
082 0 4 _221
_a343.7
_bه ش . د
092 0 4 _221
099 _aLaw1 10 343.7 ه ش . د 2011
100 0 _aهشام شحاته إمام عبدالجواد
_eمؤلف.
245 1 0 _aدروس فى علم العقاب /
_cتأليف الدكتور هشام شحاته إمام عبدالجواد.
264 _a[مكان النشر غير محدد] :
_b[الناشر غير محدد]،
_c2011.
300 _a256 صفحة :
_bجداول؛
_c24 سم.
336 _2rda content
_atext
337 _2rda media
_aComputer
338 _2rda carrier
_aOnline Resource
546 _aالنص باللغة العربية
650 1 _aعلم العقاب
_2qrmak
650 1 _aالقانون الجنائى
_2qrmak
651 1 _2qrmak
856 4 0 _uhttps://fll.law.cu.edu.eg/fulltext/bks/B10-07927.pdf
905 _a54
942 _2ddc
_cBK
_e21
_n0
999 _c57278
_d57278